02469nam a2200337 i 4500003000900000005001700009007000300026008004100029040003100070041000800101082001900109100004500128245008400173250002300257264010600280300004600386336002800432337003500460338003000495500005100525500004400576500006300620505099200683590002701675910000701702942001401709952012701723952013201850952013201982999001702114DO-SdBNP20250728112325.0ta250625b2025 dr ||||| |||| 00| 0 spa d aDO-SdBNPbspacBNPHU erda aspa 4axxxbG182t2221 aGalvá, J. Alberto eautor4aut.98807410aToledot :blas generaciones de Havah y las de Ha-Satán /cJ. Alberto Galvá. aPrimera edición  4aSanto Domingo, República Dominicana :bEditorial Perspectiva Cristiana & Box Engineering, c©2025. a306 páginas :bilustraciones ;c22 cm.  atextobtxt2rdacontent  asin mediación bn2rdamedia  avolumen bnc2rdacarrier  aLas generaciones de Havah y las de Ha-Satán. aPrimer libro y primera parte del libro  aIncluye datos biográficos del autor en la contracubierta a Toledot -- Durmiendo y soñando -- Los animales mudos -- Obedézcanme -- La asamblea en la gran roca. El Shaday te lo da, pero tú lo tomas -- Visita oficial -- Los límites del jardín -- La primera alabanza no fue por la cualidades del Shaday -- La dispensación del deseo el delirio por Havah, el celo por Adam -- La Varona era otra -- La enfermedad y la muerte -- La varona manipuladora -- La perfección -- La virtud debilitada -- Mejor solo que….. El que fue ante de mí -- El Toledot de Havah la enojada -- Continuación de la Versión de Havah, al que llaman “el otro”el y yo -- Mi nombre es … La versión compartida -- El verdadero sol antes de la larga noche. Ahor que regresé -- La versión de Ha-Satán, Bóreas el centro de todo. Inicio del preámbulo, descorriendo el velo de Bóreas -- Descorriendo el velo, el preámbulo de Sabiduría -- Replicándome en ti. Parte final del primer libro -- El quiere poder sentir, yo quiero sentir el poder. aInventariado, 2025 /LP aLP 2ddccLBS1 00102ddc51708PDaBNPHUbBNPHUcCTd2025-03-12eDepósito Legall0oxxx G182tp2025-2971r2025-04-08w2025-04-08yLBS1 00102ddc51708PDaBNPHUbBNPHUcCTd2025-03-12eDepósito Legall0oxxx G182tp2025-2972r2025-04-08te.2w2025-04-08yLBS1 00102ddc56708DSaBNPHUbBNPHUcCTd2025-03-12eDepósito Legall0oxxx G182tp2025-2974r2025-04-08te.3w2025-04-08yLBS1 c58677d58677